000 00652nam a22002177a 4500
003 OSt
005 20260216114529.0
008 160222b xxu||||| |||| 00| 0 eng d
020 _a05-742-2011-1
040 _c0
050 _a174.4
082 _a174.4
100 _aKhurshid,Anwar
_9133237
245 _aThe Challenge of Change at Teradata Global Consulting Centre (GCC) Pakistan (B).
_cAnwar Khurshid.
260 _aLahore
_bLUMS
_c2010
300 _a5p.
500 _aPaper Cover
590 _6http://10.250.8.41:8080/xmlui/handle/123456789/56787
856 _uhttp://10.250.8.41:8080/xmlui/handle/123456789/56787
942 _2ddc
_cCS
_k174.4
999 _c351195
_d351195